000 00522cam a2200205ua 4500
001 12023
008 200121n ii |||gr||||Z||||||eng
040 _cMAIN
041 _aeng
082 _a415
100 _aT C Baruah,
_eAuthor.
245 _aNew approach to english grammar and composition
_cBy T C Baruah and others
250 _a4th rep.
260 _aGuwahati:
_bLBS publication,
_c1996.
300 _a467p.
653 _aGrammar
700 _aA Lais,
_eAuthor.
700 _aS Dowerah,
_eAuthor.
942 _cBK
999 _c10807
_d10807